Central Library OPAC University of Rajshahi

Political sociology : (Record no. 57220)

MARC details
000 -LEADER
fixed length control field 00832nam a2200289 a 4500
001 - CONTROL NUMBER
control field 57220
003 - CONTROL NUMBER IDENTIFIER
rucl marc code BD-RJUL
005 - DATE AND TIME OF LATEST TRANSACTION
control field 20211209080501.0
008 - FIXED-LENGTH DATA ELEMENTS--GENERAL INFORMATION
fixed length control field 161207t19671966nyua b 000 0 eng
035 ## - SYSTEM CONTROL NUMBER
System control number MITb10497146
System control number (BD-RJUL)57344
040 ## - CATALOGING SOURCE
Original cataloging agency DLC
Transcribing agency DLC
Modifying agency BD-RJUL
Language of cataloging eng
041 ## - LANGUAGE CODE
Language code of text/sound track or separate title eng
082 ## - DEWEY DECIMAL CLASSIFICATION NUMBER
Edition number 23
Classification number 306.2
Author mark and year POL 1967
090 ## - LOCALLY ASSIGNED LC-TYPE CALL NUMBER (OCLC); LOCAL CALL NUMBER (OCLC)
Classification number (OCLC) (R) ; Classification number, CALL (RLIN) (NR) JA76
Local cutter number (OCLC) ; Book number/undivided call number, CALL (RLIN) .C834
099 ## - LOCAL FREE-TEXT CALL NUMBER (OCLC)
Bangla Class number JA76.C834
245 10 - TITLE STATEMENT
Title Political sociology :
Remainder of title selected essays /
Statement of responsibility, etc. edited by Lewis A. Cosar.
250 ## - EDITION STATEMENT
Edition statement 1st ed.
260 ## - PUBLICATION, DISTRIBUTION, ETC. (IMPRINT)
Place of publication, distribution, etc. New York :
Name of publisher, distributor, etc. Harper & Row, Publishers,
Date of publication, distribution, etc. 1967.
300 ## - PHYSICAL DESCRIPTION
Pagination 274 p. :
Illustrations ill. ;
Size 21 cm.
490 1# - SERIES STATEMENT
Series statement The Contemporary essays series
650 #0 - SUBJECT ADDED ENTRY--TOPICAL TERM
Topical term or geographic name as entry element Political sociology.
9 (RLIN) 119139
700 ## - ADDED ENTRY--PERSONAL NAME
Personal name Coser, Lewis A.
830 #0 - SERIES ADDED ENTRY--UNIFORM TITLE
Uniform title The Contemporary essays series.
942 ## - ADDED ENTRY ELEMENTS (KOHA)
Source of classification or shelving scheme Dewey Decimal Classification
Koha item type Books
Holdings
Lost status Source of classification or shelving scheme Damaged status Not for loan Collection code Permanent Location Current Location Shelving location Date acquired Source of acquisition Total Checkouts Full call number Date last seen Copy number Koha item type
  Dewey Decimal Classification   Not For Loan Non-fiction Central Library, University of Rajshahi Central Library, University of Rajshahi Reading Room 12/01/1975 M. Obidul Hoque, Dept. of Political Science R.U.   306.2 POL 1967 07/12/2016 C-1 Books